| 000 | 01257nam0a2200361 4500 | ||
|---|---|---|---|
| 001 | RU\NLR\BIBL_A\022038058 | ||
| 005 | 20231120143215.0 | ||
| 010 |
_a978-5-907428-85-0 _93000 |
||
| 021 |
_aRU _bКН-П-23-054625 _9КН-П-23-5484 |
||
| 035 | _a(NLR Aleph) 022038058 | ||
| 035 | _a(RuMoRGB)012057650 | ||
| 090 |
_a12560540 _c12560540 |
||
| 100 | _a20230929d2023 u y0rusy50 ca | ||
| 101 | 1 |
_arus _cchi |
|
| 102 | _aRU | ||
| 105 | _aa z 000ay | ||
| 181 | 0 |
_ai3 _baxxe |
|
| 182 | 1 | _an | |
| 200 | 1 |
_aЗоопарк на краю света _e[роман] _fМа Боюн _gперевод с китайского О. Кремлиной |
|
| 203 |
_aТекст _bвизуальный _cнепосредственный |
||
| 210 |
_aМосква _cLivebook _d2023 |
||
| 215 |
_a350, [1] с. _cил. _d21 |
||
| 225 | 1 | _aСовременная китайская проза | |
| 333 | _a16+ | ||
| 675 |
_a821.581-31 _v4 |
||
| 686 | 1 | _aШ6(5Кит)77-440.4{Лх2179-50} | |
| 700 | 0 |
_7ca _8rus _aМа Боюн _f1980- _9261906 _3RU\NLR\AUTH\770261962 |
|
| 702 | 1 |
_aКремлина _bО. _gОльга _4730 |
|
| 942 | _cBOOK | ||
| 980 | _aNB | ||